ACTIVE PHARMACEUTICAL INGREDIENTS TECHNOLOGY SIMPLIFIED (SEM-V) (Record no. 5945)

MARC details
000 -LEADER
fixed length control field 00450nam a22001577a 4500
005 - DATE AND TIME OF LATEST TRANSACTION
control field 20240109163114.0
008 - FIXED-LENGTH DATA ELEMENTS--GENERAL INFORMATION
fixed length control field 190604b xxu||||| |||| 00| 0 eng d
020 ## - INTERNATIONAL STANDARD BOOK NUMBER
ISBN 978-93-5164-678-5
041 ## - LANGUAGE CODE
Language code of text/sound track or separate title eng
100 ## - MAIN ENTRY--AUTHOR NAME
Personal name DEVALE, MR. TITIKSHA.L, AND MINIYAR,DR. PANKAJ.B
245 ## - TITLE STATEMENT
Title ACTIVE PHARMACEUTICAL INGREDIENTS TECHNOLOGY SIMPLIFIED (SEM-V)
250 ## - EDITION STATEMENT
Edition statement 2ND ED.2017
260 ## - PUBLICATION, DISTRIBUTION, ETC. (IMPRINT)
Place of publication PUNE
Name of publisher NIRALI PRAKASHAN
300 ## - PHYSICAL DESCRIPTION
Number of Pages 8.18 p,
942 ## - ADDED ENTRY ELEMENTS (KOHA)
Koha item type Books
Holdings
Lost status Damaged status Collection code Home library Current library Shelving location Date acquired Source of acquisition Cost, normal purchase price Accession Number Koha item type
    Reference JRU Library JRU Library SHELF-5-D 04/06/2019 PURCHESS 135.00 22992 Books
    PHARMACY JRU Library JRU Library Shelf - 26- A 04/06/2019 PURCHESS 135.00 22993 Books
    PHARMACY JRU Library JRU Library Shelf - 26- A 04/06/2019 PURCHESS 135.00 22994 Books